000 00883nam a2200253Ia 4500
003 OSt
005 20220923224736.0
006 a|||||r|||| 00| 0
007 ta
008 220922b |||||||| |||| 00| 0 hin d
024 _a249,393
037 _cTextual
040 _aARTS
_cARTS
_bhin
041 _2hin
_ahin
082 _aO152,1xN3, M1
100 _aसोनवलकर, दिनकर; वर्मा, सत्यमोहन
_9168205
245 0 _aदीवारो के खिलाफ
246 _aDīvāro ke khilāfa
260 _aदिल्ली
_b सरला प्रकाशन
_c1981
300 _a84पृ.
_ccm.
650 _aहिन्दी साहित्य
_9156264
942 _hO152,1xN3, M1
_cTEXL
_2CC
999 _c373334
_d373334